Govt. of
Madhya Pradesh

धर्मविजय (Record no. 9792)

MARC details
000 -LEADER
fixed length control field 005100000a22001810004500
003 - CONTROL NUMBER IDENTIFIER
control field MACL
005 - DATE AND TIME OF LATEST TRANSACTION
control field 20160324152115.0
008 - FIXED-LENGTH DATA ELEMENTS--GENERAL INFORMATION
fixed length control field 160324b xxu||||| |||| 00| 0 eng d
040 ## - CATALOGING SOURCE
Original cataloging agency MACL
Transcribing agency MACL
041 ## - LANGUAGE CODE
Language code of text/sound track or separate title Hindi
082 ## - DEWEY DECIMAL CLASSIFICATION NUMBER
Classification number 294
100 ## - MAIN ENTRY--PERSONAL NAME
Personal name शिवराज ओम़़
9 (RLIN) 48345
245 ## - TITLE STATEMENT
Title धर्मविजय
260 ## - PUBLICATION, DISTRIBUTION, ETC. (IMPRINT)
Name of publisher, distributor, etc. आत्‍माराम एंड संस
Date of publication, distribution, etc. 2000
Place of publication, distribution, etc. नई दिल्‍ली
350 ## - PRICE (NR) (BK AM CF MU VM SE) [OBSOLETE]
Price 350
650 ## - SUBJECT ADDED ENTRY--TOPICAL TERM
Topical term or geographic name as entry element Indian Religion
9 (RLIN) 17547
942 ## - ADDED ENTRY ELEMENTS (KOHA)
Koha item type Hindi Books
Call number prefix 294
Source of classification or shelving scheme
Holdings
Withdrawn status Lost status Source of classification or shelving scheme Damaged status Not for loan Home library Current library Date acquired Cost, normal purchase price Total Checkouts Total Renewals Full call number Barcode Date last seen Date last checked out Uniform Resource Identifier Price effective from Koha item type
          MACL MACL 15/04/2015 350.00 1 1 294 SHI CRH012685 11/06/2016 11/05/2016 9679 15/04/2015 Books